<?xml version="1.0" encoding="UTF-8"?>
<collection xmlns="http://www.loc.gov/MARC21/slim">
 <record>
  <leader>00467pamaa2200169   4500</leader>
  <controlfield tag="001">0000053790</controlfield>
  <controlfield tag="005">20160122090000.0</controlfield>
  <controlfield tag="008">160122s2015     eng</controlfield>
  <datafield tag="020" ind1=" " ind2=" ">
   <subfield code="a">9780008102883 (pbk.) </subfield>
  </datafield>
  <datafield tag="020" ind1=" " ind2=" ">
   <subfield code="a">9780007947270 </subfield>
  </datafield>
  <datafield tag="090" ind1="0" ind2="0">
   <subfield code="a">PE1625 </subfield>
   <subfield code="b">COL 2015</subfield>
  </datafield>
  <datafield tag="245" ind1="1" ind2="0">
   <subfield code="a">Collins english dictionary.</subfield>
  </datafield>
  <datafield tag="250" ind1=" " ind2=" ">
   <subfield code="a">7th ed.</subfield>
  </datafield>
  <datafield tag="260" ind1=" " ind2=" ">
   <subfield code="a">Glasgow: </subfield>
   <subfield code="b">Harper Collins, </subfield>
   <subfield code="c">2015.</subfield>
  </datafield>
  <datafield tag="300" ind1=" " ind2=" ">
   <subfield code="a">x, 912p: </subfield>
   <subfield code="b">20 cm.</subfield>
  </datafield>
  <datafield tag="650" ind1="0" ind2="0">
   <subfield code="a">English language -- </subfield>
   <subfield code="x">Dictionaries </subfield>
  </datafield>
  <datafield tag="901" ind1=" " ind2=" ">
   <subfield code="u">http://www.collinsdictionary.com</subfield>
  </datafield>
 </record>
</collection>
